Movies Quiz

Random Movies or Toys Quiz

Movies by 'Etch A Sketch' Quiz Stats

 Plays Quiz Updated Aug 26, 2012

Also try: Movies By Lego
Challenge
Share
Tweet
Score 0/20 Timer 08:00
2 Plays Today
# Movie % Correct
29The Incredible Hulk
94.9%
10WALL-E
91.6%
24Star Wars Episode IV: A New Hope
90.5%
28Raiders of the Lost Ark
90%
16The Dark Knight
88.6%
23Iron Man
75.3%
27Hellboy
70.9%
25The Goonies
69.2%
6Pulp Fiction
67.3%
15The Breakfast Club
66.9%
# Movie % Correct
14The Texas Chainsaw Massacre
66.1%
9Team America: World Police
42.4%
7Leprechaun
42.1%
19Scarface
42%
8Halloween
39.9%
4Say Anything...
39%
5No Country For Old Men
37.8%
18Pineapple Express
30%
1The Princess Bride
26.6%
3There Will Be Blood
14.6%

You're not logged in!

Compare scores with friends on all Sporcle quizzes.
OR
Log In

You Might Also Like...

Show Comments

Extras

Top Quizzes Today


Score Distribution

Your Account Isn't Verified!

In order to create a playlist on Sporcle, you need to verify the email address you used during registration. Go to your Sporcle Settings to finish the process.

Report this User

Report this user for behavior that violates our Community Guidelines.

Details: